NCAA College Basketball D1 Teams - Statistics

General Stats
  • This quiz has been taken 31 times
  • The average score is 27 of 361
Answer Stats
Conference College % Correct
American East University of Maryland at Baltimore County
38%
SEC Florida
35%
SEC Texas
35%
Big 12 UCF
35%
SEC Alabama
31%
Big Ten Nebraska
31%
American East Binghamton
27%
Big South Charleston Southern
27%
American East Carolina
27%
SEC Georgia
27%
MAC Ohio
27%
Big Ten Penn State
27%
A-10 Richmond
27%
SEC Tennessee
27%
Big East Villanova
27%
Big Ten Washington
27%
SEC Auburn
23%
American East Bryant
23%
Big 12 Colorado
23%
A-10 Davidson
23%
A-10 George Washington
23%
West Coast Gonzaga
23%
Big Ten Michigan
23%
American South Florida
23%
SEC Texas A and M
23%
SEC Vanderbilt
23%
Ivy League Yale
23%
ASUN Austin Peay
19%
Big 12 BYU
19%
A-10 Dayton
19%
Ivy League Harvard
19%
Big 12 Houston
19%
SEC Kentucky
19%
A-10 La Salle
19%
Big Ten Minnesota
19%
American East New Hampshire
19%
Big Ten Oregon
19%
Big Ten Purdue
19%
Conference USA Sam Houston
19%
SWAC Southern
19%
A-10 St. Bonaventure
19%
A-10 University of Massachusets at Amherst
19%
American East University of Massachusets at Lowell
19%
Big Ten USC
19%
ACC Virginia Tech
19%
West Coast Washington State
19%
Big 12 Arizona State
15%
ASUN Bellarmine
15%
SEC Missouri
15%
ASUN North Florida
15%
ASUN Queens University at Charlotte
15%
American Rice
15%
West Coast Saint Mary's
15%
Missouri Valley Southern Illinois
15%
ACC Syracuse
15%
American University of North Carolina at Charlotte
15%
Big Ten Wisconsin
15%
American East Albany
12%
Patriot League American
12%
Big 12 Arizona
12%
SEC Arkansas
12%
Patriot League Army
12%
Big 12 Baylor
12%
Patriot League Boston
12%
ACC Boston College
12%
Big West California State University at Northridge
12%
ASUN Central Arkansas
12%
Big East Connecticut
12%
Big East Creighton
12%
American Florida Atlantic
12%
A-10 George Mason
12%
Sun Belt Georgia State
12%
MEAC Howard
12%
Ohio Valley Lindenwood
12%
ASUN Lipscomb
12%
ACC Louisville
12%
West Coast Loyola Marymount
12%
American Memphis
12%
SEC Mississippi State
12%
Missouri Valley Murray State
12%
Big Ten Northwestern
12%
SEC Oklahoma
12%
Big 12 Oklahoma State
12%
West Coast Portland
12%
Ivy League Princeton
12%
Big Sky Sacramento State
12%
WAC Seattle
12%
SEC South Carolina
12%
Ohio Valley Southern Indiana
12%
ACC Stanford
12%
American University of Alabama at Birmingham
12%
American East Vermont
12%
Conference USA Western Kentucky
12%
Mountain West Air Force
8%
Ivy League Brown
8%
Patriot League Bucknell
8%
Big East Butler
8%
MAC Central Michigan
8%
Big 12 Cincinnati
8%
Patriot League Colgate
8%
Ivy League Dartmouth
8%
CAA Delaware
8%
Big East DePaul
8%
A-10 Duquesne
8%
Ohio Valley Eastern Illinois
8%
MAC Eastern Michigan
8%
Big Sky Eastern Washington
8%
Missouri Valley Evansville
8%
ASUN Florida Gulf Coast
8%
A-10 Fordham
8%
CAA Hampton
8%
Missouri Valley Indiana State
8%
MAAC Iona
8%
Big South Longwood
8%
SEC LSU
8%
Big Ten Maryland
8%
Northeast Mercyhurst
8%
MAAC Merrimack
8%
ACC Miami (FL)
8%
Big Ten Michigan State
8%
Mountain West New Mexico
8%
MEAC Norfolk State
8%
The Summit North Dakota
8%
CAA Northeastern
8%
Big Sky Northern Arizona
8%
Big Sky Northern Colorado
8%
MAC Northern Illinois
8%
Horizon League Northern Kentucky
8%
American North Texas
8%
ACC Notre Dame
8%
SEC Ole Miss
8%
West Coast Oregon State
8%
Ivy League Penn
8%
West Coast Pepperdine
8%
Big South Radford
8%
A-10 Rhode Island
8%
Big Ten Rutgers
8%
West Coast San Diego
8%
West Coast San Francisco
8%
Big South South Carolina Upstate
8%
The Summit South Dakota
8%
ASUN Stetson
8%
Big East St. John's
8%
Northeast Stonehill
8%
Big 12 TCU
8%
Ohio Valley Tennessee Tech
8%
Big 12 Texas Tech
8%
American Tulsa
8%
Big Ten UCLA
8%
ACC University of North Carolina
8%
Big South University of North Carolina at Asheville
8%
ACC Virginia
8%
ACC Wake Forest
8%
Big Sky Weber State
8%
Ohio Valley Western Illinois
8%
ASUN West Georgia
8%
Big East Xavier
8%
MAC Akron
4%
SWAC Alabama A and M
4%
SWAC Alabama State
4%
Sun Belt Appalachian State
4%
Missouri Valley Belmont
4%
SWAC Bethune Cookman
4%
Mountain West Boise State
4%
MAC Bowling Green
4%
Missouri Valley Bradley
4%
MAC Buffalo
4%
WAC California Baptist
4%
Big West California State University at Bakersfield
4%
Big West California State University at Fullerton
4%
CAA Campbell
4%
MAAC Canisius
4%
Northeast Central Connecticut
4%
CAA Charleston
4%
ACC Clemson
4%
Horizon League Cleveland State
4%
Ivy League Columbia
4%
MEAC Coppin State
4%
Ivy League Cornell
4%
MEAC Delaware State
4%
The Summit Denver
4%
Horizon League Detroit Mercy
4%
Missouri Valley Drake
4%
CAA Drexel
4%
ACC Duke
4%
ASUN Eastern Kentucky
4%
CAA Elon
4%
MAAC Fairfield
4%
SWAC Florida A and M
4%
Conference USA Florida International
4%
ACC Florida State
4%
Southern Furman
4%
Big South Gardner-Webb
4%
Big East Georgetown
4%
Sun Belt Georgia Southern
4%
ACC Georgia Tech
4%
WAC Grand Canyon
4%
Big West Hawaii
4%
Big South High Point
4%
CAA Hofstra
4%
Patriot League Holy Cross
4%
Southland Houston Christian
4%
Big Sky Idaho State
4%
Big Ten Illinois
4%
Missouri Valley Illinois State
4%
Southland Incarnate Word
4%
Big Ten Indiana
4%
Big Ten Iowa
4%
Big 12 Iowa State
4%
ASUN Jacksonville
4%
Conference USA Jacksonville State
4%
Sun Belt James Madison
4%
Big 12 Kansas
4%
Big 12 Kansas State
4%
Conference USA Kennesaw State
4%
Patriot League Lafayette
4%
Southland Lamar
4%
Patriot League Lehigh
4%
Northeast Le Moyne
4%
Conference USA Liberty
4%
Northeast Long Island
4%
MAAC Manhattan
4%
Big East Marquette
4%
Sun Belt Marshall
4%
Southern Mercer
4%
SWAC Mississippi Valley State
4%
Missouri Valley Missouri State
4%
Big Sky Montana
4%
Big Sky Montana State
4%
Ohio Valley Morehead State
4%
Patriot League Navy
4%
ACC NC State
4%
Conference USA New Mexico State
4%
Southland New Orleans
4%
ASUN North Alabama
4%
MEAC North Carolina Central
4%
Missouri Valley Northern Iowa
4%
Horizon League Oakland
4%
The Summit Oral Roberts
4%
West Coast Pacific
4%
Big Sky Portland State
4%
Big South Presbyterian
4%
Big East Providence
4%
MAAC Rider
4%
Horizon League Robert Morris
4%
MAAC Sacred Heart
4%
Northeast Saint Francis
4%
The Summit Saint Thomas
4%
Southern Samford
4%
Mountain State San Diego State
4%
Big East Seton Hall
4%
ACC SMU
4%
Sun Belt South Alabama
4%
MEAC South Carolina State
4%
The Summit South Dakota State
4%
WAC Southern Utah
4%
A-10 St. Joseph's
4%
A-10 St. Louis
4%
CAA Stony Brook
4%
American Temple
4%
SWAC Texas Southern
4%
MAC Toledo
4%
Sun Belt Troy
4%
American Tulane
4%
Big West UC San Diego
4%
Big West UC Santa Barbara
4%
ACC University of California at Berkeley
4%
Mountain West UNLV
4%
Big 12 Utah
4%
WAC Utah Tech
4%
WAC Utah Valley
4%
Conference USA UTEP
4%
Missouri Valley Valparaiso
4%
A-10 Virginia Commonwealth
4%
Northeast Wagner
4%
Southern Western Carolina
4%
MAC Western Michigan
4%
Big 12 West Virginia
4%
American Wichita State
4%
Big South Winthrop
4%
Southern Wofford
4%
Horizon League Wright State
4%
Mountain West Wyoming
4%
WAC Abiline Christian
0%
SWAC Alcorn State
0%
Ohio Valley Arkansas at Little Rock
0%
SWAC Arkansas at Pine Bluff
0%
Sun Belt Arkansas State
0%
MAC Ball State
0%
Big West Cal Poly
0%
Northeast Chicago State
0%
Southern Citadel
0%
Sun Belt Coastal Carolina
0%
Mountain West Colorado State
0%
Southern East Tennessee State
0%
Southland East Texas A and M
0%
Northeast Fairleigh Dickinson
0%
Mountain West Fresno State
0%
SWAC Grambling State
0%
Big Sky Idaho
0%
SWAC Jackson State
0%
MAC Kent State
0%
Big West Long Beach State
0%
Sun Belt Louisiana at Lafayette
0%
Sun Belt Lousiana at Monroe
0%
Conference USA Lousiana Tech
0%
Patriot League Loyola (Maryland)
0%
A-10 Loyola University at Chicago
0%
MAAC Marrist
0%
Southland McNeese State
0%
MAC Miami (Ohio)
0%
Conference USA Middle Tenessee State
0%
The Summit Missouri at Kansas City
0%
CAA Monmouth
0%
MEAC Morgan State
0%
MAAC Mt. St. Mary's
0%
The Summit Nebraska at Omaha
0%
MAAC Niagara
0%
Southland Nicholls State
0%
American East NJIT
0%
CAA North Carolina A and T
0%
Southern North Carolina at Greensville
0%
The Summit North Dakota State
0%
Southland Northwestern State
0%
Big Ten Ohio State
0%
Sun Belt Old Dominion
0%
ACC Pittsburgh
0%
SWAC Prarie View A and M
0%
Horizon League Purdue University at Fort Wayne
0%
MAAC Quinnipac
0%
Mountain West San Jose State
0%
MAAC Siena
0%
Southland Southeastern Louisiana
0%
Ohio Valley Southern Illinois at Edwardsville
0%
Sun Belt Southern Mississippi
0%
Ohio Valley Southern Missouri State
0%
Southland Stephen F. Austin State
0%
MAAC St. Peter's
0%
WAC Tarleton State
0%
Southern Tennessee at Chattanooga
0%
Ohio Valley Tennessee at Martin
0%
Ohio Valley Tennessee State
0%
Southland Texas A and M at Corpus Christi
0%
WAC Texas at Arlington
0%
Southland Texas at Rio Grande Valley
0%
Sun Belt Texas State
0%
Big West UC Davis
0%
Big West UC Irvine
0%
Big West UC Riverside
0%
CAA UNC Wilmington
0%
Horizon League Univeristy of Indiana at Indianapolis
0%
Missouri Valley University of Illinois at Chicago
0%
MEAC University of Maryland at Eastern Shore
0%
Mountain West University of Nevada at Reno
0%
American University of Texas at San Antonio
0%
Horizon League University of Wisconsin at Green Bay
0%
Horizon League University of Wisconsin at Milwaukee
0%
Mountain West Utah State
0%
Southern Virginia Miltary
0%
CAA William and Mary
0%
Horizon League Youngstown State
0%
No matching quizzes found
Score Distribution
Percent of People with Each Score
Percentile by Number Answered
Your Score History
You have not taken this quiz